[Event "Sitges Sunway op-A 5th"]
[Site "Sitges"]
[Date "2018.12.21"]
[Round "8"]
[White "Indjic, Aleksandar"]
[Black "Edouard, Romain"]
[Result "1/2-1/2"]
[WhiteElo "2620"]
[BlackElo "2644"]
[Annotator "Edouard,R"]
[PlyCount "75"]
[EventDate "2018.12.14"]
[EventType "swiss"]
[EventRounds "10"]
[EventCountry "ESP"]
[SourceTitle "CBM 187 Extra"]
[Source "ChessBase"]
[SourceDate "2018.11.04"]
[SourceVersion "1"]
[SourceVersionDate "2018.11.04"]
[SourceQuality "1"]

1. d4 d5 2. Nf3 Nf6 3. c4 dxc4 4. e3 e6 5. Bxc4 c5 6. O-O a6 7. Bb3 $5 b5 $5 {
A slightly dubious line, but also dangerous weapon.} 8. a4 b4 9. e4 $1 Bb7 $5 (
9... cxd4 $6 10. Nbd2 $1 {This is a problem for Black.} (10. e5 Ne4 $1 {
is fine for Black, has compared to the game he has the c5-square for his
knight.}) 10... Bb7 (10... Nfd7 11. Nxd4 Nc5 12. Nc4 Bb7 13. f3 Be7 14. Be3 $14
{1-0 (33) Ponomariov,R (2749)-Nisipeanu,L (2683) Baile Herculane 2010}) (10...
Nc6 $5 11. e5 Nd7 12. Nc4 Be7 13. Nxd4 $1 Ncxe5 14. Bf4 $1 Nxc4 15. Nc6 Qb6 16.
Nxe7 Kxe7 17. Bxc4 $40 {1-0 (69) Bologan,V (2683)-Rublevsky,S (2650) Poikovsky
2005}) 11. e5 Nfd7 12. Nc4 Be7 (12... Nc5 13. Bg5 Qc7 14. Nxd4 $5 Nxb3 15. Qxb3
Bd5 16. Rac1 Nd7 17. a5 $1 $146 {isn't any better.}) 13. Qxd4 O-O 14. Qg4 Kh8
15. Bf4 (15. Ng5 $5) 15... Bd5 16. Rad1 Nc6 17. Rxd5 $1 exd5 18. Ne3 $40 {
1-0 (45) Grischuk,A (2711)-Karjakin,S (2732) Odessa 2008}) 10. e5 $1 ({doesn't
bring White much.} 10. Nbd2 Be7 11. e5 Nfd7 12. Nc4 O-O 13. Nd6 $5 (13. Bc2 Nc6
(13... cxd4 $5) 14. Bf4 Nxd4 (14... Na5 $5) 15. Nxd4 cxd4 16. Qxd4 b3 $1 17.
Bb1 $5 (17. Bxb3 Nc5 $44 {1/2-1/2 (24) Roiz,M (2599)-Yakovich,Y (2551) Moscow
2006}) 17... Bc5 $5 18. Qd3 Qh4 $5 19. Bg3 Qh5 $5 20. Qxb3 (20. Qxd7 $2 Bd5 $17
{/\...Ra7}) 20... Bd5 $44) 13... Bxd6 14. exd6 cxd4 (14... c4 $5 15. Bxc4 Nb6
16. Bd3 Qxd6 17. a5 Nd5 18. Ne5 Nc6 $11 {1-0 (52) Moiseenko,A (2646)-Nisipeanu,
L (2668) Kemer 2007}) 15. Nxd4 Nc5 16. Be3 Nxb3 $1 (16... Qxd6 17. Nf5 $1 $14)
17. Nxb3 Bd5 18. Rc1 Nc6 {and with such a monster bishop on d5, Black isn't
worse.}) 10... Ne4 (10... Nd5 11. Nbd2 Nd7 12. Nc4 $14) 11. Nbd2 Nxd2 12. Bxd2
cxd4 13. Ng5 $1 {The refutation of the line, although I came to the game with
an interesting practical idea.} Nd7 (13... Be7 $6 14. Qh5 Bxg5 15. Bxg5 Qd7 16.
Rac1 Nc6 17. Rfd1 {is terribly unpleasant for Black.}) 14. f4 $1 Nc5 15. f5
Nxb3 16. Qxb3 Qd5 (16... Bd5 $2 17. Qg3 $40) 17. Qh3 h6 18. Rf2 $1 (18. fxe6
hxg5 19. exf7+ Kd8 20. Bxg5+ Kc7 21. Rac1+ Kb6 22. Qg4 {leads to a very
unclear position.}) 18... exf5 $1 $146 (18... hxg5 $2 19. Qxh8 exf5 20. Bxb4 {
1-0 Grigorov,G (2479)-Zygouris,H (2225) Bulgaria 2010.}) 19. e6 $1 hxg5 (19...
fxe6 $2 20. Nxe6 $18) 20. Qxh8 O-O-O 21. Bxg5 $2 {Finally a mistake!} ({
To finish the job White had to play} 21. exf7 {although there I considered
Black has decent practical chances:} Qxf7 (21... f4 $6 22. h4 $1 {works for
White}) 22. Bxg5 Re8 23. Rc1+ Kb8 {and White is obviously better, but Black
will put his bishop to e4 and the position isn't as easy as the earlier
computer evaluation seemed to indicate.}) 21... f6 $1 22. Bf4 (22. e7 Bxe7 23.
Qxg7 Rd7 24. Rc1+ Bc6 $13) 22... d3 $1 23. Rc1+ Bc6 24. e7 {White has nothing
better than that.} Bxe7 25. Qxg7 Rd7 26. Qg3 $6 (26. Qh8+ {was safer:} Rd8 $11
({although the engine thinks} 26... Bd8 $5 {makes a lot of sense as well}))
26... Bc5 $1 27. Rxc5 (27. Be3 $2 f4 $3 {wss a beautiful trick, which my
opponent has seen in time:} 28. Qxf4 d2 $1 (28... Rg7 $2 {fails to} 29. Kf1 $8
Rxg2 30. Qf5+ $18) 29. Bxc5 $8 (29. Rd1 Qb3 $19) 29... d1=Q+ 30. Rxd1 Qxd1+ 31.
Rf1 Qd5 32. Qf2 Rg7 33. Qf5+ $8 Qxf5 34. Rxf5 Rxg2+ 35. Kf1 Rxb2 $17) 27...
Qxc5 28. Qe3 Qxe3 29. Bxe3 {Tempting, but White's position becomes too easy.}
Bxa4 ({Perhaps} 29... a5 $5 {was a better try.}) 30. Bd2 Rd5 (30... b3 31. h4 {
gives White counterplay. Here Black would like to play ...Bd1!}) (30... a5 31.
Rxf5 $11) ({My initial idea} 30... Rc7 {was right, but after} 31. Bxb4 Rc1+ 32.
Rf1 Rc2 {White should be able to hold.} 33. Rf2) 31. Bxb4 Bd1 32. Bd2 Rc5 $6
33. Rf1 {Oops. But anyway, the position was a draw.} Bh5 34. Rc1 Rc2 35. Kf2
Kd7 36. Rxc2 dxc2 37. Ke1 Ke6 38. Bf4 1/2-1/2

[Event "Hastings Masters op 95th"]
[Site "Hastings"]
[Date "2020.01.05"]
[Round "9"]
[White "Van den Doel, Erik"]
[Black "Edouard, Romain"]
[Result "0-1"]
[WhiteElo "2589"]
[BlackElo "2653"]
[Annotator "Edouard,R"]
[PlyCount "100"]
[EventDate "2019.12.28"]
[EventType "swiss"]
[EventRounds "9"]
[EventCountry "ENG"]
[SourceTitle "CBM 194 Extra"]
[Source "ChessBase"]
[SourceDate "2020.03.31"]
[SourceVersion "1"]
[SourceVersionDate "2020.03.31"]
[SourceQuality "1"]

{[%evp 0,100,31,13,18,27,33,-1,34,45,53,46,59,49,49,-2,-12,-4,9,-42,57,17,23,9,
9,-6,-16,35,26,27,47,39,56,53,40,47,75,57,49,55,29,76,78,53,33,29,24,-21,16,13,
12,0,-1,-1,22,-3,46,33,34,44,69,-24,-13,-13,-15,-116,-128,-249,-237,-237,-235,
-240,-159,-167,-173,-182,-176,-224,-225,-233,-224,-218,-218,-211,-204,-204,
-201,-210,-207,-193,-191,-230,-191,-204,-201,-391,-385,-392,-297,-326,-467,
-509,-564]} 1. d4 d5 2. Nf3 Nf6 3. c4 dxc4 4. e3 e6 5. Bxc4 c5 6. O-O a6 7. Re1
$5 {A rare line. Basically, White wants to push e4!} b5 $5 {That seemed to be
a first surprise for my opponent. He might have expected the very natural 7...
Nc6.} (7... Nc6 8. Nc3 b5 $5 (8... Be7 9. dxc5 $1 {isn't such a great version
of that endgame (that we normally get through 7.dxc5) for Black.}) 9. Bd3 Bb7 (
9... cxd4 10. exd4 Nb4 11. Bg5 Nxd3 12. Qxd3 Be7 13. Ne5 Bb7 14. Nxb5 $1 Bxg2
15. Rac1 O-O 16. Nc7 $14 {½-½ (76) Antic,D (2512)-Kozhuharov,S (2391) Kavala
2005}) 10. a4 c4 $1 (10... b4 $6 11. Ne4 Nxe4 12. Bxe4 Qb6 13. a5 Qc7 14. Bd2
Nxa5 15. Bxb7 Nxb7 16. Ne5 $40 {½-½ (72) Kozul,Z (2583)-Mista,A (2537)
Plovdiv 2008}) 11. axb5 axb5 12. Rxa8 Bxa8 13. Bc2 Bb4 14. e4 Ne7 15. d5 exd5
16. e5 Ne4 17. Nxe4 dxe4 18. Qxd8+ Kxd8 19. Rd1+ Kc7 20. Ng5 $11 {½-½ (31)
Cheparinov,I (2687)-Le Quang Liem (2713) Moscow 2019}) (7... Qc7 {may be a bit
too slow:} 8. Bd3 Nc6 9. Nc3 Be7 10. dxc5 Bxc5 11. Bd2 Ne5 12. Nxe5 Qxe5 13.
Qf3 (13. Qc2 $5) 13... Bd7 14. e4 (14. Ne4 $5 Bc6 15. Bc3 Bxe4 16. Bxe5 Bxf3
17. gxf3 $14) 14... Bc6 15. Bf4 Qh5 $11 {½-½ (18) Cheparinov,I (2679)
-Nisipeanu,L (2656) Zagreb 2019}) (7... Be7 $6 {is even slower:} 8. e4 b5 9.
Bf1 Bb7 10. e5 Nd5 11. dxc5 Nd7 12. c6 $1 Bxc6 13. Nd4 Bb7 14. Qg4 Qb6 15. Nc3
Bc5 16. Nxd5 Bxd5 17. Be3 O-O 18. b4 $1 Bxb4 $2 (18... Bxd4 19. Bxd4 $14) 19.
Nb3 $1 Bxe1 20. Bxb6 Bc3 21. Rc1 Bb2 22. Rc2 Bxe5 23. Bd4 {1-0 Cheparinov,I 
(2679)-Stevic,H (2563) Zagreb 2019}) 8. Bd3 (8. Bf1 $5 {is critical as well:}
Bb7 9. a4 b4 10. Nbd2 cxd4 (10... Be7 11. e4 cxd4 (11... O-O 12. e5 Nfd7 13.
Nc4 $14) 12. e5 Nfd7 13. Nc4 Nc6 14. Bf4 O-O 15. Nxd4 Nc5 16. Nxc6 Bxc6 17. Qg4
$14 {1-0 (24) Predke,A (2657)-Idani,P (2586) Linares 2019}) 11. Nxd4 Be7 12.
Nc4 O-O 13. f3 Qc7 14. Qe2 Nc6 (14... Rd8 15. Nb3 a5 16. e4 Ba6 17. Be3 Nbd7
18. Rac1 $14) 15. Nxc6 Bxc6 16. e4 Nd7 17. b3 Nb6 (17... Nc5 $1 18. Qc2 f5 $1
19. e5 Bd5 $11) 18. Nxb6 Qxb6+ 19. Be3 Qa5 20. Rac1 $14 {1-0 (29) Nikolaidis,I
(2529)-Gavrilakis,N (2426) Rhodes 2008}) 8... Bb7 9. a4 b4 ({I couldn't find
equality after} 9... c4 $5 10. Bf1 Nbd7 (10... Bb4 11. Bd2 Bxd2 12. Nfxd2 {/\b3
}) 11. b3 cxb3 12. axb5 axb5 13. Rxa8 Qxa8 14. Bxb5 $14) 10. Nbd2 (10. e4 cxd4
11. e5 Nfd7 $1 12. Bg5 Be7 13. Bxe7 Qxe7 14. Nbd2 O-O $11) 10... Be7 11. Nb3 {
Forcing Black to take a decision... or not!} Nbd7 $6 (11... cxd4 12. exd4 {
shouldn't be much for White, but I wanted to avoid this structure.}) (11... O-O
$5 {did make sense:} 12. Nxc5 $6 (12. e4 $5) 12... Bxc5 13. dxc5 Nbd7 $11) 12.
e4 cxd4 (12... c4 $2 13. Bxc4 Bxe4 14. Ng5 $1 Bd5 15. Bxd5 Nxd5 16. Qh5 $1 Bxg5
17. Bxg5 $16) (12... Rc8 $2 {was my idea but I had overlooked the simple} 13.
Qe2 $16) 13. e5 Nd5 14. Nfxd4 {The white queen should go to g4.} Nc5 15. Nxc5
Bxc5 16. Nb3 $1 {The move I underestimated.} (16. Qg4 $2 Qb6 $1 17. a5 Qa7 18.
Be3 (18. Nxe6 $2 fxe6 19. Qxe6+ Ne7 $19) 18... Nxe3 19. fxe3 O-O $15) 16... Be7
(16... Ba7 17. Qg4 Ne7 {was my intention, but after} 18. Rd1 Bd5 19. Be4 {
I believe my position is just bad. The a7-bishop hits f2, but this is purely
decorative.}) 17. Qg4 g5 {What else? I can't castle due to Bh6, and do not
want to play ...g6 due to the same reason.} 18. Qe2 {A good and solid move.
Black was threatening ...Nf4.} h5 19. Bd2 (19. a5 $5 {made sense - to prevent .
..a6-a5!}) 19... a5 $1 {I need this move to give room to my pieces, and
especially the b6-square for my queen.} 20. Rac1 Qb6 21. Be3 $6 {Interesting
idea, but it was stronger to just play 21.Rc2 and double on the c-file.} Nxe3
22. fxe3 $1 {Of course. Now White is going to take advantage of the f-file,
while the e5-pawn is unattackable. My big advantage here, despite my ugly
position, was to have an extra hour on the clock.} Rd8 23. Rf1 g4 {Trying to
keep cool. I want to play ...Bg5. If Qe2 then ...Rxd3. If Bb5+ Kf8 Qf2 then ...
Rh7. The position is ugly, but it's under control!} 24. Bb5+ {I was happy to
see that move coming. First of all I wanted to play ...Kf8 whenever possible,
secondly the b5-square is no longer available for the white knight.} (24. Nd4
$1 $16) 24... Kf8 25. Nd2 (25. Qf2 Rh7 $132 {et tout va bien !}) 25... Bg5 26.
Nc4 Qa7 27. Kh1 Rh7 {Again, everything is under control.} 28. Rcd1 $2 (28. Nd6
$1 Ba8 29. Qc2 Rg7 30. Rce1 $1 {was best according to the engine. Amongst the
ideas: e3-e4 (so the a8-bishop plays no role anymore) and Nxf7 followed with
Qh7.}) 28... Rxd1 29. Qxd1 Bd5 $2 {Tempting but wrong.} (29... h4 $1 {was much
stronger. After} 30. Qd6+ (30. Qd7 $4 Qa8 $19) 30... Kg8 31. Bc6 Ba6 32. Bb5 {
the position is a draw.}) 30. Nd6 $2 {Fortunately, my opponent messed up the
move order, just as I did in my calculations.} (30. Qc2 $1 {followed by Nd6
would have won the game:} Rg7 (30... Bxc4 $2 31. Qxh7 Bxf1 32. Qh8+ Ke7 33.
Qe8#) 31. Nd6 {and the Qc8 threat is deadly.}) 30... Qxe3 31. Qc2 {It still
seems that White wins, but I had prepared a nice surprise there...} Bf4 $3 {
And suddenly Black is better!} 32. Bd3 (32. Qxh7 $2 Bxg2+ $1 33. Kxg2 Qh3+ 34.
Kf2 Qxh2+ 35. Ke1 Qd2#) (32. Qc8+ Kg7 33. Ne8+ Kh6) (32. Rxf4 $2 Qxf4 33. Qxh7
Qc1+ 34. Bf1 Qxf1#) (32. Rf2 $8 {was the only move not to lose at once.}) 32...
b3 $1 {The queen can't keep its role: defending g2 and threatening to enter on
the c-file.} (32... Rh8 $4 33. Nxf7 $1 Kxf7 34. Qc7+ Kg8 35. Qd8+ Kg7 36. Qf6+
Kg8 37. Rxf4 $18) 33. Qf2 (33. Qc8+ Kg7 34. Ne8+ Kh6 {and ...Bxg2+ is coming
again.}) 33... Qh3 {The key move!} 34. Qg1 $8 (34. Qxf4 $2 Qxg2#) 34... Bxh2 $5
(34... Qxd3 35. Rxf4 f5 $1 {was even stronger:} 36. exf6 Rc7 $19) 35. Be4 $8 (
35. Qxh2 Qxd3 $19) 35... Bxe4 (35... Bxg1+ $5 36. gxh3 Bd4 $19) 36. Nxe4 Bxg1+
37. gxh3 Be3 $1 (37... Bd4 $2 38. Ng5 Rg7 $2 39. Nxe6+ $18) 38. Nf6 Rh8 39.
hxg4 hxg4+ 40. Kg2 Ke7 $1 41. Nxg4 Bd4 {White is paralyzed and the b2-pawn is
lost.} 42. Rd1 (42. Rb1 Rc8 $19) 42... Bxb2 43. Rb1 Rc8 $1 {An important move,
again!} 44. Kf3 (44. Rxb2 Rc2+ $19) 44... Rc3+ 45. Ke4 Bc1 46. Kd4 Rg3 47. Nf6
(47. Rxc1 Rxg4+ $19) 47... b2 48. Ne4 Rg4 49. Kd3 Rxe4 $1 {Simplest.} 50. Kxe4
f6 {Now Black just wins that position as if it were a pawn ending, except he
has an extra option to go and pick the b1-rook.} 0-1

[Event "FRA-chA 86th"]
[Site "Caen"]
[Date "2011.08.23"]
[Round "9"]
[White "Bacrot, Etienne"]
[Black "Edouard, Romain"]
[Result "1-0"]
[WhiteElo "2710"]
[BlackElo "2587"]
[Annotator "Edouard,R"]
[PlyCount "57"]
[EventDate "2011.08.14"]
[EventType "tourn"]
[EventRounds "11"]
[EventCountry "FRA"]
[EventCategory "15"]
[SourceTitle "CBM 144"]
[Source "ChessBase"]
[SourceDate "2011.09.16"]
[SourceVersion "1"]
[SourceVersionDate "2011.09.16"]
[SourceQuality "1"]

{A very important game for both players. I was half a point behind Maxime
Vachier-Lagrave, who was leading, and I had good chances to finish with a very
good place if I did not lose that game. Etienne was half a point behind me and
absolutely had to win.} 1. d4 d5 2. Nf3 Nf6 3. c4 dxc4 4. e3 e6 5. Bxc4 a6 6.
O-O c5 7. Bb3 $5 {The main variation.} Nc6 8. Nc3 cxd4 (8... Be7 9. dxc5 {
is well-known as a slightly worse position for Black.}) 9. exd4 Be7 10. Bg5 O-O
11. Qd2 Bd7 $5 {A new idea in a line with a bad reputation. We found it in the
games of Andrei Istratescu, who used it for the first time in 2010, against
Caruana, but lost after miscalculating one line.} 12. Rad1 (12. Rfe1 $5 Rc8 (
12... Na5 $2 13. Bc2 Nc4 14. Qf4 Nxb2 15. Qh4 h6 16. Bxh6 gxh6 17. Qxh6 {
followed by Re5+-.}) 13. Rad1 Na5 14. d5 $5 {A straight line in order to try
to refute Black's conception.} Nxb3 15. axb3 h6 $2 (15... exd5 $1 {was the
right choice, but after} 16. Rxe7 Qxe7 17. Nxd5 Qd8 18. Bxf6 gxf6 {Andrei
missed that} 19. Qh6 {fails to} Rc6 $1 {. Thanks to this defence, Black is
just very fine.}) 16. Bxh6 $1 gxh6 17. d6 $14 {1-0 Caruana,F (2675)-Istratescu,
A (2615)/SUI 2010 (42)}) 12... Na5 13. Bc2 Nc4 14. Qe2 $5 {A very interesting
idea that I had forgotten to look at.} (14. Qf4 Nxb2 15. Qh4 {is critical.})
14... Rc8 (14... Nxb2 {was critical, and probably best, but I was not sure
about the position after} 15. Rc1 $1 {since Black has problems regarding his
knight on b2. For instance:} (15. Rb1 $2 Rc8) 15... Rc8 (15... Bc6 $5 16. Rb1
Qa5) (15... Qa5 $5) 16. Ne5 b5 17. Ne4 $1 {with pressure.}) 15. Bb3 $5 {
A very high-class move, in my opinion. Black's knight cannot go back to a5.} b5
(15... Na5 $2 16. d5 $1 exd5 (16... Nxb3 $6 17. d6 $16 Na5 $140 18. dxe7 Qxe7
19. Nd5 $1) 17. Bxd5 {is unpleasant.}) (15... Nb6 {was probably best, but I
couldn't work out if my pawn was better placed on b7 or b5!}) 16. Ne5 Nb6 (
16... Nxe5 17. dxe5 Nd5 18. Bxd5 Bxg5 19. Bb7 $16) 17. Rfe1 h6 $5 {A very
interesting decision. I felt that 17...b4 was unpleasant for Black. I thought
including ...h6 Bh4 would not help much. However, that move leaves the Bxh6
possibility, which is clearly critical. But after calculating it, we both had
15 minutes on the clock, and I felt like Bxh6 was quite unclear. And actually,
I thought "Ok, I must be mistaken, my position looks ugly after 18.Bxh6".
Still I believed my opponent would need to spend time on it, and the game
would become very unclear.} (17... b4 18. d5 $1 (18. Bxf6 $5 Bxf6 19. Ne4 Bb5
20. Qg4 {is unpleasant for Black.}) 18... exd5 $8 (18... bxc3 $2 19. dxe6 $18)
19. Nxd7 (19. Bxf6 Bxf6 20. Nxd5 Nxd5 21. Rxd5 Bxe5 22. Rxe5 Bb5 {and Black
should hold.}) 19... Qxd7 20. Qxe7 Qxe7 21. Rxe7 bxc3 22. Bxf6 gxf6 23. bxc3
Rxc3 24. Ra7 {and Black will suffer forever.}) 18. Bxh6 $5 {Ok my plan only
half worked: Etienne played it instantly. However, I was happy that he didn't
go Bh4.} (18. Bh4 {was best in my opinion. Black has some problems.}) (18. Bxf6
Bxf6 19. Bc2 (19. Ne4 Bc6 20. Nxf7 Rxf7 21. Bxe6 Bd5 {is definitely OK for
Black.}) 19... Be8 {followed by ...g6 and ...Bg7 seems OK to me.}) 18... gxh6 (
18... b4 $2 19. d5 $18) 19. Rd3 $5 (19. d5 exd5 20. Nxd7 Qxd7 21. Qxe7 Qxe7 22.
Rxe7 Rfd8 {and I believe Black equalises due to ...Nc4 which is coming.}) 19...
Kh8 (19... b4 $2 {Actually I played 19...Kh8 instantly, as a move like 19...b4
is not very human-like. However, it does not look so simple:} 20. Qd2 Kh7 21.
Rh3 Ng8 22. Ne4 $1 f5 23. Nc5 $1 Bxc5 24. dxc5 Nd5 25. Bxd5 exd5 26. Qxb4 {
with very huge compensation, but I am not sure Black is worse.}) 20. Qd2 $5 {
An interesting option in time trouble.} ({Objectively} 20. d5 {should be best:}
exd5 21. Nxd7 Qxd7 (21... Nbxd7 $5 22. Qxe7 Nc5) 22. Qxe7 Qxe7 23. Rxe7 Rfe8
24. Rxe8+ Rxe8 25. Kf1 {and White is slighly better thanks to the pawn
structure, but I believe Black should hold. However, it was clear Etienne
wanted to take advantage of the time trouble in order to mate me. He managed
to do so, by the way!}) 20... Ng8 21. d5 Nc4 (21... exd5 $5 22. Nxd5 Nc4 {
was another option to defend, which I missed (Ok, let's admit it's ugly).
However, Black seems to hold:} 23. Qc3 (23. Nxc4 bxc4 24. Bxc4 Bg5 $3 {and
Black is fine. A completely computer-like defence.}) 23... Nxe5 24. Qxe5+ Bf6
$8 25. Nxf6 Nxf6 26. Red1 (26. Rxd7 Qxd7 27. Qxf6+ Kh7 {followed by ...Rc6 and
Black is fine.}) 26... Re8 27. Rxd7 Qxd7 28. Qxf6+ Kh7 $11) 22. Bxc4 bxc4 23.
Rd4 Bc5 $4 {A tremendous blunder! Time was short, and that move seemed obvious
to me. I missed that after 24.dxe6 Bxd4 25.Qxd4 Bxe6 (attacking White's queen),
Nxf7 was double check!!} (23... Qe8 {was of course the only move:} 24. Nxd7 ({
Etienne told me he was intending to play} 24. Nxc4 {but after} Bb5 $5 {I feel
like Black is very fine. White should have enough counterplay for a draw, but
certainly nothing more.}) 24... Qxd7 25. dxe6 {and I believe I should escape
without big problems:} Qc6 26. Nd5 c3 $1 {(taking the c3-square from White's
queen)} 27. bxc3 Bg5 28. f4 Bf6 {with unclear position.}) 24. dxe6 Bxd4 25.
Qxd4 Qf6 (25... Bxe6 26. Nxf7+ $18 {Oops !}) 26. exd7 Rcd8 27. Re3 Ne7 28. Rf3
Nc6 29. Nxf7+ 1-0